000 00445nam a2200157 4500
001 109162
003 ES-MaACL
007 t|
008 061121s1945 cu r ||||1| spa d
100 1 _aMiró Argenter, José.
_981611
245 1 0 _aCuba
_b: crónicas de la guerra /
_cpor José Miró.
250 _a4ª ed.
260 _aLa Habana, Cuba :
_bLex,
_c1945.
300 _a3 t. en 1 v., 2 lám. ;
_c24 cm.
852 _aES-MaACL
_jE-2092
_bR.23117
999 _c109162
_d109162